[Event "ROM-ch U10"]
[Site "Calimanesti Caciulata"]
[Date "2016.04.25"]
[Round "9"]
[White "Simion, Gabriel Serban"]
[Black "Popescu, Razvan Andrei"]
[Result "0-1"]
[WhiteElo "1096"]
[BlackElo "1047"]
[PlyCount "41"]
[EventDate "2016.04.18"]
[EventType "swiss"]
[EventRounds "9"]
[EventCountry "ROU"]
[SourceTitle "EXT 2017"]
[Source "ChessBase"]
[SourceDate "2016.10.25"]
[SourceVersion "1"]
[SourceVersionDate "2016.10.25"]
[SourceQuality "1"]

1. e4 e5 2. Nf3 Nc6 3. Bc4 Bc5 4. d3 h6 5. Nc3 Nf6 6. 0-0 d6 7. h3 0-0 8. b3 Bd7 9. Bb2 Qc8 10. Kh2 Na5 11. Bd5 Nxd5 12. Nxd5 Nc6 13. Bc1 Re8 14. Bxh6 gxh6 15. Nf6+ Kh8 16. Nxe8 Qxe8 17. Qd2 Kh7 18. Nh4 Qg8 19. Nf5 Bxf5 20. exf5 Nd4 21. g4 0-1

[Event "ROM-ch U10"]
[Site "Calimanesti Caciulata"]
[Date "2016.04.19"]
[Round "2"]
[White "Ionita, George Calin"]
[Black "Simion, Gabriel Serban"]
[Result "1-0"]
[WhiteElo "1031"]
[BlackElo "1096"]
[PlyCount "73"]
[EventDate "2016.04.18"]
[EventType "swiss"]
[EventRounds "9"]
[EventCountry "ROU"]
[SourceTitle "CBM 172 Extra"]
[Source "ChessBase"]
[SourceDate "2016.06.21"]
[SourceVersion "1"]
[SourceVersionDate "2016.06.21"]
[SourceQuality "1"]

1. e4 e5 2. Nc3 Nf6 3. f4 Nc6 4. Bb5 d6 5. Bxc6+ bxc6 6. d3 exf4 7. Bxf4 Bg4 8. Nce2 Bxe2 9. Qxe2 Be7 10. Nf3 0-0 11. 0-0-0 Re8 12. h3 Qd7 13. Rhg1 Bd8 14. Rde1 d5 15. e5 h6 16. Rd1 Nh5 17. Bh2 Bf6 18. g4 Bg5+ 19. Nxg5 hxg5 20. gxh5 Qxh3 21. Rg3 Qh4 22. Rg4 Qxh5 23. Qg2 f6 24. exf6 gxf6 25. Rf1 Re6 26. Rh1 Rc8 27. Be5 Qg6 28. Bxf6 Rxf6 29. Rxg5 Kf7 30. Rxg6 Rxg6 31. Rh7+ Kf6 32. Qf3+ Ke5 33. Qe3+ Kf5 34. Rf7+ Kg4 35. Qg1+ Kh4 36. Rh7+ Rh6 37. Rxh6# 1-0

[Event "ROM-ch U08"]
[Site "Calimanesti"]
[Date "2014.04.13"]
[Round "9"]
[White "Simion, Gabriel Serban"]
[Black "Tilea, Luca Andrei"]
[Result "1-0"]
[WhiteElo "1198"]
[BlackElo "1001"]
[PlyCount "67"]
[EventDate "2014.04.06"]
[EventType "swiss"]
[EventRounds "9"]
[EventCountry "ROU"]
[SourceTitle "CBM 160 Extra"]
[Source "ChessBase"]
[SourceDate "2014.07.01"]
[SourceVersion "1"]
[SourceVersionDate "2014.07.01"]
[SourceQuality "1"]

1. e4 e5 2. Bc4 Nf6 3. Nf3 Bc5 4. Nxe5 d6 5. Nxf7 Qe7 6. Nxh8 Qxe4+ 7. Qe2 Qxe2+ 8. Bxe2 Nc6 9. Nc3 Bf5 10. 0-0 0-0-0 11. Nf7 Re8 12. Bb5 Bxc2 13. Bxc6 bxc6 14. a3 Bd3 15. Rd1 Bd4 16. b4 Bxc3 17. dxc3 a6 18. Bb2 Bc4 19. Ng5 h6 20. Nf3 Rf8 21. Re1 Ng4 22. Re4 Nf6 23. Rxc4 c5 24. Rf4 g5 25. Rf5 g4 26. Nh4 cxb4 27. cxb4 Nd7 28. Rxf8+ Nxf8 29. Bg7 Ne6 30. Bxh6 Nd4 31. Rd1 Ne2+ 32. Kf1 Nc3 33. Rc1 Na2 34. Rc2 1-0

[Event "ROM-ch U08"]
[Site "Calimanesti"]
[Date "2014.04.11"]
[Round "7"]
[White "Simion, Gabriel Serban"]
[Black "Petrescu, Tudor"]
[Result "0-1"]
[WhiteElo "1198"]
[BlackElo "1033"]
[PlyCount "30"]
[EventDate "2014.04.06"]
[EventType "swiss"]
[EventRounds "9"]
[EventCountry "ROU"]
[SourceTitle "CBM 160 Extra"]
[Source "ChessBase"]
[SourceDate "2014.07.01"]
[SourceVersion "1"]
[SourceVersionDate "2014.07.01"]
[SourceQuality "1"]

1. e4 e5 2. Bc4 Nc6 3. Nf3 Nf6 4. d3 Bc5 5. 0-0 0-0 6. Bg5 h6 7. Bxf6 Qxf6 8. Nc3 Nd4 9. Nxd4 exd4 10. Nd5 Qd6 11. Qe1 Re8 12. Qa5 b6 13. Qa4 Qe5 14. Rae1 Bd6 15. c3 Qxh2# 0-1

[Event "ROM-ch U08"]
[Site "Calimanesti"]
[Date "2014.04.06"]
[Round "1"]
[White "Simion, Gabriel Serban"]
[Black "Bigu, Bogdan Stefan"]
[Result "0-1"]
[WhiteElo "1198"]
[BlackElo "1001"]
[PlyCount "21"]
[EventDate "2014.04.06"]
[EventType "swiss"]
[EventRounds "9"]
[EventCountry "ROU"]
[SourceTitle "CBM 160 Extra"]
[Source "ChessBase"]
[SourceDate "2014.07.01"]
[SourceVersion "1"]
[SourceVersionDate "2014.07.01"]
[SourceQuality "1"]

1. e4 e5 2. Bc4 Bc5 3. Nf3 Nc6 4. d3 f6 5. 0-0 Na5 6. Bb3 c6 7. Nc3 d5 8. exd5 cxd5 9. Bxd5 Nc6 10. d4 e4 11. dxc5 0-1